000 00556nam a2200193 i 4500
001 120231
003 ES-MaACL
005 20250718062541.0
007 t|
008 070214s1961 sp |||| | spa d
100 1 _aPerico, Giacomo.
_991257
245 1 0 _aDefendamos la vida /
_cGiacomo Perico ; versión española de José Zahonero Vivó.
260 _aAlcoy :
_bMarfil,
_c1961.
300 _a451 p. ;
_c24 cm.
650 7 _aÉtica
_2embne
_912577
700 1 _aZahonero Vivó, José.
_9117851
852 _aES-MaACL
_jC-20962
999 _c120231
_d120231